Oceania Clik map - Statistics

General Stats
  • This quiz has been taken 25 times
  • The average score is 11 of 14
Answers on the Map
Answers color-coded by a green-red scale on the quiz's map according to % correct below.
 
Answer Stats
Answer % Correct
Australia
95%
New Zealand
95%
Fiji
89%
Solomon Islands
89%
Federated States of Micronesia
84%
Palau
84%
Papua new guinea
84%
Kiribati
79%
Nauru
79%
Tuvalu
79%
Samoa
74%
Vanuatu
74%
Marshall Islands
68%
Tonga
68%
No matching quizzes found
Score Distribution
Percent of People with Each Score
Percentile by Number Answered
Your Score History
You have not taken this quiz